000 01087nam a2200349Ia 4500
001 Z_3340
003 CHAP
008 220113s1979 xx 000 0 und d
010 _a166450
020 _a84-200-0136-8
040 _cCHAP
082 _a636.085 M33 1979
100 _aMcDonald, Peter, 1926 -
_9139943
245 _aNutrición animal /
_cPeter McDonald, R. A. Edwards y J. F. D. Greenhalgh; traducción Aurora Pérez Torromé
250 _a2a ed.
260 _aEspaña :
_bAcribia,
_c1979
300 _a462 p.
500 _aTraducido de la obra en inglés: Animal Nutrition
503 _aej.1: Donado por Miguel J. García Winder \ ej.2. s/n \ ej.3: s/n
504 _aIncluye bibliografía
650 _aAlimentos y alimentación del ganado
_94326
650 _aNutrición animal
_982275
700 _a .Greenhalgh, J. F. D., coaut.
_9139944
700 _a Pérez Torromé, Aurora, tr.
_9140530
700 _aEdwards, R. A., coaut.
_9139946
901 _a636.085 M33 1979
902 _aM
910 _a1979
942 _c1
942 _cc1
999 _c166450
_d166450